Vara indiană a lui Baudelaire

Recenzia na publikáciu Un été avec Baudelaire.

Enregistré dans:
Détails bibliographiques
Auteur principal: Spiridon, Vasile, 1958-
Format: Chapitre de livre
Langue:roumain
Sujets:
Tags: Ajouter un tag
Pas de tags, Soyez le premier à ajouter un tag!

MARC

LEADER 00000naa a2200000 4500
001 0278945
005 20240502083846.5
041 0 |a rum 
044 |a RO 
245 1 0 |a Vara indiană a lui Baudelaire  |c Vasile Spiridon 
520 |a Recenzia na publikáciu Un été avec Baudelaire. 
610 2 0 |a recenzie 
610 2 0 |a literatúra 
610 2 0 |a kultúra 
610 2 0 |a história 
100 1 |a Spiridon, Vasile, 1958-